Κινηματογράφος : η τέχνη της βιομηχανίας
Αποθηκεύτηκε σε:
| Κύριος συγγραφέας: | |
|---|---|
| Μορφή: | Βιβλίο |
| Γλώσσα: | Greek |
| Δημοσίευση: |
Αθήνα :
Καστανιώτης,
2000.
|
| Έκδοση: | 2η έκδ. |
| Σειρά: | Επικοινωνία και κοινωνία
|
| Θέματα: | |
| Ετικέτες: |
Προσθήκη ετικέτας
Δεν υπάρχουν, Καταχωρήστε ετικέτα πρώτοι!
|
MARC
| LEADER | 00000cam a2200000 i 4500 | ||
|---|---|---|---|
| 001 | 1/37098 | ||
| 008 | 031026s2000 gr | ||| |||| ||gre|| | ||
| 020 | |a 9600327041 | ||
| 035 | |l 10085992 | ||
| 040 | |a GR-MyUa |b gre |e AACR2 | ||
| 041 | 0 | |a gre | |
| 082 | 7 | |a 791.4 |2 (21) | |
| 082 | 7 | |a 302.2343 |2 (23) | |
| 100 | 1 | |a Κολοβός, Νίκος, |d 1938-2005. | |
| 245 | 1 | 0 | |a Κινηματογράφος : |b η τέχνη της βιομηχανίας / |c Νίκος Κολοβός. |
| 250 | |a 2η έκδ. | ||
| 260 | |a Αθήνα : |b Καστανιώτης, |c 2000. | ||
| 300 | |a 436 σ. : |b πιν. ; |c 24 εκ. | ||
| 490 | 1 | |a (Επικοινωνία και κοινωνία) | |
| 504 | |a Βιβλιογραφία: 401-427. Ευρετήριο. | ||
| 650 | 0 | |a Motion pictures |x Social aspects. | |
| 650 | 0 | |a Motion picture industry |x Economic aspects. | |
| 650 | 0 | |a Motion pictures |x Marketing. | |
| 830 | 0 | |a Επικοινωνία και κοινωνία | |
| 852 | |a INST |b LESVOS |e 20040701 |h 791.4 ΚΟΛ |p 005100030524 |q 005100030524 |t BK |y 0 | ||
| 852 | |a INST |b LESVOS |e 20031026 |h 791.4 ΚΟΛ |p 005100030884 |q 005100030884 |t BK |y 0 | ||
| 852 | |a INST |b LESVOS |e 20110707 |h 791.4 ΚΟΛ |p 005100050245 |q 005100050245 |t BK |y 0 | ||
| 852 | |a INST |b LESVOS |e 20110707 |h 791.4 ΚΟΛ |p 005100050246 |q 005100050246 |t BK |y 0 | ||
| 852 | |a INST |b LESVOS |e 20110707 |h 791.4 ΚΟΛ |p 005100050247 |q 005100050247 |t BK |y 0 | ||
| 852 | |a INST |b SYROS |e 20061109 |h 302.2343 ΚΟΛ |p 005500007272 |q 005500007272 |t BK |y 0 | ||
| 901 | |a BIBL5-2007-2 | ||
| 901 | |a BIBL1-2004-1 | ||
| 901 | |a BIBL1-2004-2 | ||
| 901 | |a BIBL1-2011-2 | ||
| 920 | |a Φοιτητική Μέριμνα |y Λέσβος |z 2003-10 | ||
| 922 | |a 5ΕΛΗ |b 200610 |c Βιβλιοθήκη Σύρου |d Glorybook | ||
| 922 | |a 1ΕΛΗ |b 200309 |c ΤΑΚ/ΠΤΕ |d Παπασωτηρίου | ||
| 950 | |a 188-2006-10-10 | ||
| 950 | |a 185-2003-09-09 | ||
| 970 | |a Τζαφέρη |b Ευαγγελία |z 09/02/2004 | ||